ព្រះពុទ្ធ​ / (Record no. 1522)

MARC details
000 -LEADER
fixed length control field 02057nam a22003137a 4500
001 - CONTROL NUMBER
control field 1522
003 - CONTROL NUMBER IDENTIFIER
control field FISKH
005 - DATE AND TIME OF LATEST TRANSACTION
control field 20250530110349.0
008 - FIXED-LENGTH DATA ELEMENTS--GENERAL INFORMATION
fixed length control field 230901b cb ||||| |||| 00| 0 khr d
020 ## - INTERNATIONAL STANDARD BOOK NUMBER
International Standard Book Number 9789995054571
040 ## - CATALOGING SOURCE
Original cataloging agency FISKH
Language of cataloging eng
Transcribing agency FISKH
Modifying agency FISKH
082 ## - DEWEY DECIMAL CLASSIFICATION NUMBER
Classification number 294.380
100 ## - MAIN ENTRY--PERSONAL NAME
Personal name Labbe, Brigitte
245 ## - TITLE STATEMENT
Title ព្រះពុទ្ធ​ /
Statement of responsibility, etc. និពន្ធដោយ Brigitte Labbe និង Michel Puech - រូបភាពដោយ​ Jean-Pierre Joblin
250 ## - EDITION STATEMENT
Edition statement បោះពុម្ពលើកទី​ ៧ តុលា ២០២២​
260 ## - PUBLICATION, DISTRIBUTION, ETC.
Place of publication, distribution, etc. Phnom Penh :
Name of publisher, distributor, etc. Sipar,
Date of publication, distribution, etc. 2022.
300 ## - PHYSICAL DESCRIPTION
Extent 44 pages :
Other physical details color illustrations ;
Dimensions 20 cm
490 ## - SERIES STATEMENT
Series statement ខ្ញុំចង់ដឹងជីវិតរបស់
505 ## - FORMATTED CONTENTS NOTE
Formatted contents note Z'<br/>
520 ## - SUMMARY, ETC.
Summary, etc. នៅព្រះជន្ម ២៩ វស្សា ព្រះសិទ្ធត្ថ គោតម យាងចេញពីរាជវាំង ចាកចោលមហេសី និងរាជបុត្រ ហើយទៅគង់ក្នុងព្រៃ​។ ៦ឆ្នាំក្រោយមក ពេលគង់ភាវនាក្រោមដើមឈើ ទ្រង់បានសម្រេចការត្រាស់ដឹង។ ពន្លឺមួយបានចែងចាំងចេញពេីកាយព្រះអង្គ ហើយត្រៀមបំភ្លឺសត្វលោក។
520 ## - SUMMARY, ETC.
Summary, etc. In his late 29th year, Gautama exiled himself from his palace, going away from his wife and son to live in the jungle. Six years later, he meditates under a tree to obtain enlightenment. A light shone from his body and was ready to illuminate the world.
521 8# - TARGET AUDIENCE NOTE
Target audience note 1000<br/>
Source Lexile estimate<br/>
521 8# - TARGET AUDIENCE NOTE
Target audience note Z'<br/>
Source Raz-Plus<br/>
650 ## - SUBJECT ADDED ENTRY--TOPICAL TERM
Topical term or geographic name entry element យាងចេញ
Form subdivision ព្រៃ​​​​​
General subdivision ភាវនា
Chronological subdivision ត្រាស់ដឹ​ង
650 ## - SUBJECT ADDED ENTRY--TOPICAL TERM
Topical term or geographic name entry element Exile
Form subdivision Jungle
General subdivision Mediate
Chronological subdivision Enlightenment
700 ## - ADDED ENTRY--PERSONAL NAME
Personal name Puech, Michel
Relator term Author
700 ## - ADDED ENTRY--PERSONAL NAME
Personal name Joblin Jean-Pierre
Relator term illustrator
942 ## - ADDED ENTRY ELEMENTS (KOHA)
Source of classification or shelving scheme Dewey Decimal Classification
Koha item type Khmer Books
Suppress in OPAC No
Holdings
Withdrawn status Lost status Source of classification or shelving scheme Damaged status Not for loan Collection Home library Current library Shelving location Date acquired Total Checkouts Full call number Barcode Date last seen Date last checked out Copy number Price effective from Koha item type
    Dewey Decimal Classification     Khmer Non-Fiction / សៀវភៅខ្មែរ រឿងពិត Footprints International School Library Network Toul Kork Campus Footprints International School Library Network Toul Kork Campus TK Old Khmer Books (Rear Hallway Shelf 3) 09/01/2023 1 LAB 294.380 2023-0450 09/22/2023 09/07/2023 1 09/01/2023 Khmer Books
    Dewey Decimal Classification     Khmer Non-Fiction / សៀវភៅខ្មែរ រឿងពិត Footprints International School Library Network Toul Kork Campus Footprints International School Library Network Toul Kork Campus TK Old Khmer Books (Rear Hallway Shelf 3) 09/01/2023   LAB 294.380 2023-0451 09/01/2023   2 09/01/2023 Khmer Books
    Dewey Decimal Classification     Khmer Non-Fiction / សៀវភៅខ្មែរ រឿងពិត Footprints International School Library Network Toul Kork Campus Footprints International School Library Network Toul Kork Campus TK Old Khmer Books (Rear Hallway Shelf 3) 09/01/2023   LAB 294.380 FISTK03740 01/05/2024   3 09/01/2023 Khmer Books
    Dewey Decimal Classification     Khmer Non-Fiction / សៀវភៅខ្មែរ រឿងពិត Footprints International School Library Network Toul Kork Campus Footprints International School Library Network Toul Kork Campus TK Old Khmer Books (Rear Hallway Shelf 3) 06/27/2024   LAB 294.380 FISTK03741 06/27/2024   4 06/27/2024 Khmer Books
    Dewey Decimal Classification     Khmer Non-Fiction / សៀវភៅខ្មែរ រឿងពិត Footprints International School Library Network Toul Kork Campus Footprints International School Library Network Toul Tom Poung Campus TTP Secondary Khmer Bookshelves 06/27/2024 2 LAB 294.380 FIS00376 02/27/2026 02/02/2026 5 06/27/2024 Khmer Books
    Dewey Decimal Classification     Khmer Non-Fiction / សៀវភៅខ្មែរ រឿងពិត Footprints International School Library Network Toul Tom Poung Campus Footprints International School Library Network Toul Tom Poung Campus TTP Secondary Khmer Bookshelves 04/01/2025   LAB 294.380 FISSE02319 04/01/2025   6 04/01/2025 Khmer Books
    Dewey Decimal Classification     Khmer Non-Fiction / សៀវភៅខ្មែរ រឿងពិត Footprints International School Library Network Toul Tom Poung Campus Footprints International School Library Network Toul Tom Poung Campus TTP Primary Khmer Bookshelves 04/01/2025   LAB 294.380 FIS03874 04/01/2025   7 04/01/2025 Khmer Books